| LEADER 00000nam 2200000uu 4500 |
| 001 211217 |
| 003 ULIBM |
| 008 020711s2558 th a 000 0 tha d |
| 020 97861691337542
|
| 041 ^atha^beng
|
| 060 4 WB428 ก471 2558
|
| 245 การประชุมวิชาการนมแม่แห่งชาติครั้งที่ 5 วันที่ 2 - 4 กันยายน 2558 โรงแรมมณเฑียร ริเวอร์ไซด์ กรุงเทพมหานคร : เอกสารประกอบการประชุม "ภาคีร่วมใจ ช่วยแม่ไทย ให้เลี้ยงลูกด้วยนมแม่"/^cบรรณาธิการ ศิริพัฒนา ศิริธนารัตนกุล
|
| 246 30 ^aเอกสารประกอบการประชุม "ภาคีร่วมใจ ช่วยแม่ไทย ให้เลี้ยงลูกด้วยนมแม่"
|
| 250 พิมพ์ครั้งที่ 1
|
| 260 กรุงเทพฯ :^bบริษัท ปริ้นท์แอนด์มอร์ จำกัด,^c2558
|
| 300 178 หน้า :^bภาพประกอบ ;^c29 ซม.
|
| 650 4 กุมารเวชศาสตร์
|
| 650 4 ^aน้ำนม
|
| 650 4 ^aน้ำนมมารดา,การเลี้ยงลูก^xการประชุม
|
| 700 0 ^aศิริพัฒนา ศิริธนารัตนกุล,^eบรรณาธิการ
|
| 710 2 ^aมูลนิธิศูนย์นมแม่แห่งประเทศไทย
|
| 999 ^aใช้งานได้ทุกระบบ
|